[Event "23rd EUR-ch (w)"]
[Site "Petrovac MNE"]
[Date "2023.03.18"]
[Round "1.14"]
[White "Kejzar, Petra"]
[Black "Wagner, Dinara"]
[Result "0-1"]
[WhiteElo "2128"]
[BlackElo "2411"]
[EventDate "2023.03.18"]
[PlyCount "46"]
[WhiteTeam "Slovenia"]
[BlackTeam "Germany"]

1.e4 c5 2.Nc3 d6 3.d4 cxd4 4.Qxd4 Nc6 5.Qd2 Nf6 6.b3 e6 7.Bb2 d5 8.exd5 
exd5 9.O-O-O Be6 10.Nf3 Qa5 11.Bb5 Bb4 12.Rhe1 Ne4 13.Rxe4 dxe4 14.Nd4 
O-O-O 15.Bxc6 bxc6 16.Qe3 Bd5 17.Na4 Rd7 18.Qh3 Rd8 19.c3 Be7 20.Kc2 Kb7 
21.Qxh7 c5 22.Ne2 Bc6 23.Rxd7+ Rxd7 0-1

[Event "23rd EUR-ch (w)"]
[Site "Petrovac MNE"]
[Date "2023.03.18"]
[Round "1.53"]
[White "Sliwicka, Alicja"]
[Black "Kostina, Veronika"]
[Result "1-0"]
[WhiteElo "2272"]
[BlackElo "1855"]
[EventDate "2023.03.18"]
[PlyCount "49"]
[WhiteTeam "Poland"]
[BlackTeam "Switzerland"]

1.e4 c5 2.Nf3 Nc6 3.d4 cxd4 4.Nxd4 Qb6 5.Nb3 Nf6 6.Nc3 e6 7.Bd3 a6 8.O-O 
d6 9.Kh1 Qc7 10.f4 b5 11.Qf3 Bb7 12.Bd2 Rc8 13.Rae1 Be7 14.Qh3 b4 15.Ne2 
e5 16.Ng3 Qd7 17.Nf5 O-O 18.fxe5 dxe5 19.Bh6 Rfd8 20.Bxg7 Ne8 21.Qg3 h5 
22.Nh6+ Kh7 23.Rxf7 Qe6 24.Ref1 Rxd3 25.Bf8+ 1-0

[Event "23rd EUR-ch (w)"]
[Site "Petrovac MNE"]
[Date "2023.03.18"]
[Round "1.56"]
[White "Kobak, Polina"]
[Black "Olde, Margareth"]
[Result "1-0"]
[WhiteElo "1815"]
[BlackElo "2234"]
[EventDate "2023.03.18"]
[PlyCount "129"]
[WhiteTeam "Armenia"]
[BlackTeam "Estonia"]

1.d4 Nf6 2.c4 e6 3.Nf3 d5 4.Nc3 Bb4 5.Qa4+ Nc6 6.e3 O-O 7.Bd2 Bxc3 8.Bxc3 
Ne4 9.Qc2 a5 10.a3 f5 11.Bd3 Bd7 12.O-O Be8 13.Ne5 Nxe5 14.dxe5 Bc6 15.b4 
Nxc3 16.Qxc3 f4 17.b5 Bd7 18.exf4 Rxf4 19.Qc2 dxc4 20.Bxh7+ Kh8 21.Rad1 
Rh4 22.Qd2 Kxh7 23.Qxd7 Qc8 24.f4 Rh6 25.Qe7 Qe8 26.Rd7 Qxe7 27.Rxe7 c6 
28.b6 Kg6 29.Rxb7 Rhh8 30.Rc7 Kf5 31.Rc1 Kxf4 32.Rxc4+ Kxe5 33.R4xc6 Rhb8 
34.Re7 Ra6 35.Rexe6+ Kd5 36.Kf2 Rb7 37.a4 Ra8 38.Rg6 Rf8+ 39.Kg3 Rff7 40.
Rc8 Ke4 41.Rc5 Rbd7 42.Re6+ Kd4 43.Rxa5 Kc4 44.Rae5 Rd2 45.Re2 Rd3+ 46.
R2e3 Rd2 47.Rf3 Rfd7 48.Rc6+ Kb4 49.Rc7 R7d6 50.Rxg7 Rxb6 51.Rg4+ Ka5 52.
h4 Ka6 53.h5 Rbb2 54.Rf6+ Ka5 55.Rf5+ Kb6 56.Rg6+ Kc7 57.Rf7+ Rd7 58.Rxd7+
Kxd7 59.h6 Rb1 60.Kf4 Rb4+ 61.Kf5 Rxa4 62.Rg7+ Kd6 63.g4 Ra1 64.h7 Rh1 65.
Kg6 1-0

[Event "23rd EUR-ch (w)"]
[Site "Petrovac MNE"]
[Date "2023.03.19"]
[Round "2.6"]
[White "Badelka, Olga"]
[Black "Kulon, Klaudia"]
[Result "1-0"]
[WhiteElo "2428"]
[BlackElo "2290"]
[EventDate "2023.03.18"]
[PlyCount "85"]
[WhiteTeam "FID"]
[BlackTeam "Poland"]

1.e4 d5 2.exd5 Qxd5 3.Nc3 Qd8 4.d4 Nf6 5.Nf3 g6 6.Bc4 Bg7 7.O-O O-O 8.Re1 
Nc6 9.h3 b6 10.a3 Bb7 11.b4 e6 12.Bf4 Ne7 13.Be5 Nf5 14.Nb5 Nd5 15.a4 a6 
16.Na3 Nxb4 17.c3 Nd5 18.Qd2 Bh6 19.Qd3 Nf4 20.Bxf4 Bxf4 21.Nc2 Qf6 22.Qe2
Rfd8 23.Rab1 Bc6 24.Ne3 Bxa4 25.Ng4 Qe7 26.Bxa6 c5 27.g3 Bc7 28.Bb7 Rab8 
29.Be4 Ng7 30.Ra1 Be8 31.Ra7 h5 32.Rxc7 Qxc7 33.Nf6+ Kf8 34.Qe3 cxd4 35.
Qh6 dxc3 36.Qh8+ Ke7 37.Qxg7 Bc6 38.Ng5 Kd6 39.Nxf7+ Kc5 40.Bxc6 Qxc6 41.
Nxd8 Rxd8 42.Qe7+ Rd6 43.Ne4+ 1-0

[Event "23rd EUR-ch (w)"]
[Site "Petrovac MNE"]
[Date "2023.03.19"]
[Round "2.9"]
[White "Hrebenshchykova, Yelyzaveta"]
[Black "Kiolbasa, Oliwia"]
[Result "0-1"]
[WhiteElo "2289"]
[BlackElo "2406"]
[EventDate "2023.03.18"]
[PlyCount "82"]
[WhiteTeam "Ukraine"]
[BlackTeam "Poland"]

1.d4 d5 2.c4 e6 3.Nc3 Nf6 4.Bg5 Be7 5.e3 O-O 6.Nf3 h6 7.Bxf6 Bxf6 8.Rc1 b6
9.Bd3 Bb7 10.cxd5 exd5 11.O-O a6 12.b4 Re8 13.Qb3 Qd6 14.Rfe1 Nd7 15.g3 
Nf8 16.b5 a5 17.e4 dxe4 18.Bxe4 Bxe4 19.Nxe4 Qd8 20.Nxf6+ Qxf6 21.Rxe8 
Rxe8 22.Rxc7 Ne6 23.Rc6 Qf5 24.Rxb6 Ng5 25.Ne5 Qe4 26.h4 Rxe5 27.hxg5 Rf5 
28.Qe3 Qb1+ 29.Kg2 hxg5 30.Rb8+ Kh7 31.g4 Rf6 32.Qe8 Rh6 33.Qg8+ Kg6 34.
Rb6+ f6 35.Qe8+ Kh7 36.Kg3 Qg1+ 37.Kf3 Rh3+ 38.Ke2 Qxg4+ 39.Ke1 Rh1+ 40.
Kd2 Qxd4+ 41.Kc2 Qxf2+ 0-1

[Event "23rd EUR-ch (w)"]
[Site "Petrovac MNE"]
[Date "2023.03.19"]
[Round "2.46"]
[White "Olde, Margareth"]
[Black "Ismayil, Malak"]
[Result "1-0"]
[WhiteElo "2234"]
[BlackElo "2011"]
[EventDate "2023.03.18"]
[PlyCount "155"]
[WhiteTeam "Estonia"]
[BlackTeam "Azerbaijan"]

1.d4 Nf6 2.c4 e6 3.Nf3 d5 4.g3 dxc4 5.Bg2 Nc6 6.Qa4 Bb4+ 7.Bd2 Nd5 8.Bxb4 
Nxb4 9.Ne5 Bd7 10.O-O Rb8 11.Nxc6 Nxc6 12.Qxc4 e5 13.dxe5 Nxe5 14.Qc3 f6 
15.Rd1 O-O 16.f4 Nf7 17.Na3 Qc8 18.Rac1 c6 19.Nc4 Bh3 20.Bh1 Qe6 21.e4 
Rfd8 22.Bf3 Qe7 23.Qe3 Be6 24.Qxa7 Ra8 25.Rxd8+ Qxd8 26.Qc5 Qd3 27.Bg2 
Rxa2 28.Qe7 Qd4+ 29.Kh1 Qd7 30.Qxd7 Bxd7 31.Bf1 b5 32.Nb6 Be8 33.b3 Ra3 
34.Rc3 Nd6 35.e5 fxe5 36.fxe5 Ne4 37.Re3 Bg6 38.Bh3 Ng5 39.Bd7 Be4+ 40.Kg1
Bf3 41.h4 Ra1+ 42.Kf2 Ra2+ 43.Ke1 Ra1+ 44.Kd2 Ne4+ 45.Kc2 Ra2+ 46.Kc1 Ra1+
47.Kb2 Rf1 48.e6 b4 49.e7 Rf2+ 50.Kc1 Rf1+ 51.Kc2 Bd1+ 52.Kb2 Nf6 53.e8=Q+
Nxe8 54.Bxe8 Rf2+ 55.Kc1 Bf3 56.Bd7 h5 57.Be6+ Kh7 58.Nd7 Bg2 59.Ne5 Rf6 
60.Nd3 Rf1+ 61.Kd2 c5 62.Nxc5 Bf3 63.Nd3 Rd1+ 64.Kc2 Rf1 65.Nxb4 Bd1+ 66.
Kd2 Bf3 67.Nd3 Bc6 68.Nf4 g6 69.Rc3 Be4 70.b4 Kg7 71.Bd5 Bf5 72.b5 Kf6 73.
b6 Ke5 74.b7 Rf2+ 75.Kc1 Rf1+ 76.Kd2 Rf2+ 77.Ke1 Rb2 78.Rb3 1-0

[Event "23rd EUR-ch (w)"]
[Site "Petrovac MNE"]
[Date "2023.03.19"]
[Round "2.57"]
[White "Kostina, Veronika"]
[Black "Koridze, Lile"]
[Result "0-1"]
[WhiteElo "1855"]
[BlackElo "2122"]
[EventDate "2023.03.18"]
[PlyCount "150"]
[WhiteTeam "Switzerland"]
[BlackTeam "Georgia"]

1.c4 e5 2.Nc3 Nf6 3.Nf3 Nc6 4.e3 d5 5.cxd5 Nxd5 6.Bb5 Nxc3 7.bxc3 Bd6 8.d4
exd4 9.cxd4 O-O 10.O-O Bg4 11.h3 Bh5 12.Rb1 Qf6 13.Be2 Rab8 14.Bb2 Bg6 15.
Bd3 Rfe8 16.Bc3 b6 17.Re1 a5 18.Bxg6 Qxg6 19.Qd2 Nb4 20.Rec1 Nd5 21.Qc2 
Qh5 22.Bd2 Nf6 23.a4 Ne4 24.Rb5 Qg6 25.Be1 f6 26.Rcb1 Rbd8 27.Nh4 Qf7 28.
Nf5 Bf8 29.f3 Nd6 30.Nxd6 Bxd6 31.Bf2 g6 32.e4 Bb4 33.Rc1 Rd7 34.d5 f5 35.
Bd4 fxe4 36.fxe4 Qf4 37.Qc6 Rf8 38.Qe6+ Rdf7 39.Rd1 Bd6 40.e5 Bb4 41.Qg4 
Qxg4 42.hxg4 Rf4 43.g5 Re4 44.g3 Rf5 45.e6 Rxg5 46.Kg2 Rf5 47.Rd3 h5 48.d6
Bxd6 49.Rxf5 gxf5 50.Bxb6 Rxa4 51.Bd4 Kf8 52.Bf6 Re4 53.e7+ Kf7 54.Bh4 
Bxe7 55.Bxe7 Kxe7 56.Rd5 a4 57.Rxf5 h4 58.Kf3 Rb4 59.g4 a3 60.Ra5 Rb3+ 61.
Kg2 Rg3+ 62.Kh2 Kd6 63.g5 c5 64.g6 Kd5 65.g7 Rxg7 66.Rxa3 Rg4 67.Ra8 Rd4 
68.Kh3 Kc4 69.Rc8 Kb4 70.Rc7 c4 71.Rb7+ Kc3 72.Rc7 Kd3 73.Ra7 c3 74.Rc7 c2
75.Rc8 Kd2 0-1

[Event "23rd EUR-ch (w)"]
[Site "Petrovac MNE"]
[Date "2023.03.19"]
[Round "2.64"]
[White "Slaba, Andrea"]
[Black "Humbatova, Nazli"]
[Result "0-1"]
[WhiteElo "2061"]
[BlackElo "1737"]
[EventDate "2023.03.18"]
[PlyCount "84"]
[WhiteTeam "Slovakia"]
[BlackTeam "Azerbaijan"]

1.d4 Nf6 2.c4 e6 3.Nf3 Bb4+ 4.Bd2 Qe7 5.Nc3 Nc6 6.e3 Bxc3 7.Bxc3 d6 8.Bd3 
O-O 9.e4 e5 10.d5 Nb8 11.Bd2 a5 12.h3 Na6 13.g4 Nc5 14.Qe2 Nxd3+ 15.Qxd3 
c6 16.O-O b5 17.dxc6 bxc4 18.Qc2 h5 19.g5 Nh7 20.Kh2 Qe6 21.Ng1 Ra6 22.Qa4
Qg6 23.Qxc4 Nxg5 24.f3 Ne6 25.Be3 Ra8 26.Rf2 f5 27.exf5 Qxf5 28.Rd1 Ba6 
29.Qe4 Qxe4 30.fxe4 Rxf2+ 31.Bxf2 Ng5 32.Be3 Nxe4 33.Kg2 Rf8 34.Re1 Nf6 
35.Nf3 Rc8 36.Bb6 Rxc6 37.Bxa5 Rc2+ 38.Kg3 Rxb2 39.Ng5 Rxa2 40.Bb4 h4+ 41.
Kf3 Bb7+ 42.Ke3 Nd5+ 0-1

[Event "23rd EUR-ch (w)"]
[Site "Petrovac MNE"]
[Date "2023.03.19"]
[Round "2.65"]
[White "Huseynova, Lala"]
[Black "Valkova, Angelika"]
[Result "0-1"]
[WhiteElo "1694"]
[BlackElo "2055"]
[EventDate "2023.03.18"]
[PlyCount "64"]
[WhiteTeam "Azerbaijan"]
[BlackTeam "Ukraine"]

1.e4 c6 2.Nf3 d5 3.Nc3 g6 4.exd5 cxd5 5.d4 Bg7 6.Bf4 Bg4 7.Nb5 Na6 8.c3 
Nf6 9.h3 Bxf3 10.Qxf3 Ne4 11.Bd3 f5 12.Qe2 O-O 13.f3 e5 14.fxe4 fxe4 15.
Bg3 exd3 16.Qxd3 exd4 17.Nxd4 Nc5 18.Qb5 Qg5 19.Ne2 Rae8 20.Kd1 Ne4 21.Qd3
Nf2+ 22.Bxf2 Rxf2 23.Qg3 Qxg3 24.Nxg3 Rxg2 25.Nf1 Ree2 26.Rg1 Rd2+ 27.Kc1 
Rc2+ 28.Kd1 Rcd2+ 29.Kc1 Rxb2 30.Rxg2 Rxg2 31.Rb1 Rf2 32.Ng3 Be5 0-1

[Event "23rd EUR-ch (w)"]
[Site "Petrovac MNE"]
[Date "2023.03.19"]
[Round "2.66"]
[White "Saraci, Rinesa"]
[Black "Walter, Ema"]
[Result "0-1"]
[WhiteElo "1503"]
[BlackElo "2048"]
[EventDate "2023.03.18"]
[PlyCount "106"]
[WhiteTeam "Kosovo"]
[BlackTeam "Slovakia"]

1.e4 e5 2.Nf3 Nc6 3.Bb5 Nge7 4.Nc3 Ng6 5.d4 exd4 6.Nxd4 Nxd4 7.Qxd4 c6 8.
Be2 Qb6 9.Qd3 Be7 10.a4 d6 11.O-O O-O 12.Be3 Qc7 13.f4 Bd7 14.Rad1 Rad8 
15.Kh1 Kh8 16.Bc1 f5 17.Bh5 fxe4 18.Nxe4 Bf5 19.Qe2 Qa5 20.g4 Bxe4+ 21.
Qxe4 d5 22.Qe2 Bd6 23.Bxg6 hxg6 24.Rd3 Rde8 25.Re3 Rxe3 26.Qxe3 Qxa4 27.
Qh3+ Kg8 28.g5 Qe4+ 29.Rf3 Bxf4 30.Bxf4 Rxf4 31.Qc8+ Kh7 32.Qh3+ Rh4 33.
Qg3 Rh5 34.Kg2 Qxc2+ 35.Rf2 Qe4+ 36.Kf1 Qc4+ 37.Kg2 Rh4 38.h3 Re4 39.Qf3 
Qc1 40.Qg3 Qe3 41.Rf3 Qd2+ 42.Kg1 Re1+ 43.Rf1 Rxf1+ 44.Kxf1 Qc1+ 45.Kf2 
Qxb2+ 46.Kf1 d4 47.h4 Qc1+ 48.Kg2 Qd2+ 49.Kf1 d3 50.h5 Qe2+ 51.Kg1 d2 52.
hxg6+ Kxg6 53.Qd6+ Kh5 0-1

[Event "23rd EUR-ch (w)"]
[Site "Petrovac MNE"]
[Date "2023.03.19"]
[Round "2.67"]
[White "Koljevic, Nikolina"]
[Black "Bassari, Senem Gul"]
[Result "1-0"]
[WhiteElo "2042"]
[BlackElo "1524"]
[EventDate "2023.03.18"]
[PlyCount "69"]
[WhiteTeam "Montenegro"]
[BlackTeam "Turkey"]

1.e4 c5 2.Nf3 d6 3.d4 cxd4 4.Qxd4 Nc6 5.Bb5 Bd7 6.Bxc6 Bxc6 7.Nc3 Nf6 8.
Bg5 e6 9.O-O-O Be7 10.Qd3 Qa5 11.h4 h6 12.Bxf6 Bxf6 13.Nd4 O-O 14.f4 Qc5 
15.g4 b5 16.Nxc6 Qxc6 17.Qxd6 Qc4 18.Qd3 Qb4 19.a3 Qa5 20.e5 Be7 21.Qxb5 
Qxb5 22.Nxb5 Rfc8 23.Rd7 Bc5 24.Rh3 Rc6 25.Rc3 Rac8 26.Nd6 Bxd6 27.Rxc6 
Rxc6 28.exd6 Ra6 29.Rd8+ Kh7 30.d7 Rd6 31.c4 f6 32.c5 Rd5 33.c6 e5 34.fxe5
fxe5 35.Re8 1-0

[Event "23rd EUR-ch (w)"]
[Site "Petrovac MNE"]
[Date "2023.03.19"]
[Round "2.68"]
[White "Skvortsova, Alena"]
[Black "Recica, Jona"]
[Result "1-0"]
[WhiteElo "2032"]
[BlackElo "1231"]
[EventDate "2023.03.18"]
[PlyCount "85"]
[WhiteTeam "FID"]
[BlackTeam "Kosovo"]

1.c4 e5 2.g3 Nf6 3.Bg2 Bc5 4.e3 Nc6 5.Ne2 d6 6.O-O a6 7.Nbc3 O-O 8.d4 Ba7 
9.d5 Ne7 10.e4 h6 11.h3 Nh7 12.Kh2 f5 13.f4 Ng6 14.b3 Qf6 15.fxe5 Qxe5 16.
Bb2 Bd7 17.Qd2 Rf7 18.Nb5 Qe7 19.Nxc7 Rc8 20.Ne6 Bxe6 21.dxe6 Qxe6 22.exf5
Rxf5 23.Rxf5 Qxf5 24.Rf1 Qg5 25.Qxd6 Nhf8 26.Bxb7 Re8 27.Bf3 Ne6 28.Bc3 
Kh8 29.b4 Qf5 30.Qd5 Qc2 31.Qd2 Qf5 32.Qxh6+ Kg8 33.Qh5 Qd3 34.Qd5 Qe3 35.
c5 Ne7 36.Qd2 Qxd2 37.Bxd2 Nc7 38.Nd4 Rd8 39.Bc3 Ned5 40.Nc6 Ra8 41.Be5 a5
42.Bxc7 Nxc7 43.Ne7+ 1-0

[Event "23rd EUR-ch (w)"]
[Site "Petrovac MNE"]
[Date "2023.03.20"]
[Round "3.5"]
[White "Cyfka, Karina"]
[Black "Wagner, Dinara"]
[Result "1/2-1/2"]
[WhiteElo "2350"]
[BlackElo "2411"]
[EventDate "2023.03.18"]
[PlyCount "34"]
[WhiteTeam "Poland"]
[BlackTeam "Germany"]

1.d4 Nf6 2.c4 e6 3.Nf3 d5 4.Nc3 Bb4 5.Qa4+ Nc6 6.e3 O-O 7.Bd2 dxc4 8.Bxc4 
Bd6 9.Qc2 e5 10.dxe5 Nxe5 11.Nxe5 Bxe5 12.f4 Bxc3 13.Bxc3 Ng4 14.Bd4 c5 
15.Bxc5 Re8 16.O-O Nxe3 17.Bxe3 Rxe3 1/2-1/2

[Event "23rd EUR-ch (w)"]
[Site "Petrovac MNE"]
[Date "2023.03.20"]
[Round "3.7"]
[White "Mkrtchian, Mariam"]
[Black "Malcewska, Aleksandra"]
[Result "0-1"]
[WhiteElo "2343"]
[BlackElo "2388"]
[EventDate "2023.03.18"]
[PlyCount "62"]
[WhiteTeam "Armenia"]
[BlackTeam "Poland"]

1.d4 Nf6 2.c4 g6 3.Nf3 Bg7 4.g3 c5 5.Bg2 Qa5+ 6.Nc3 Ne4 7.Qd3 cxd4 8.Nxd4 
Nc5 9.Qd1 Nc6 10.e3 Ne6 11.Ne2 Qb4 12.Bd5 Nc7 13.a3 Qd6 14.Nb5 Nxb5 15.
cxb5 e6 16.bxc6 exd5 17.cxb7 Bxb7 18.Nd4 Ba6 19.b3 O-O 20.Bb2 Qe5 21.Qg4 
Rac8 22.Rd1 Rc2 23.Rd2 Rfc8 24.Kd1 R2c5 25.Qf4 Qe8 26.Ne2 Bxb2 27.Rxb2 d6 
28.Qa4 Bb5 29.Qd4 Qc6 30.Re1 Rc1+ 31.Kd2 Qc2+ 0-1

[Event "23rd EUR-ch (w)"]
[Site "Petrovac MNE"]
[Date "2023.03.20"]
[Round "3.11"]
[White "Zhukova, Natalia"]
[Black "Gunina, Valentina"]
[Result "1/2-1/2"]
[WhiteElo "2322"]
[BlackElo "2478"]
[EventDate "2023.03.18"]
[PlyCount "51"]
[WhiteTeam "Ukraine"]
[BlackTeam "FID"]

1.d4 d5 2.c4 c6 3.Nc3 Nf6 4.e3 Bf5 5.cxd5 cxd5 6.Qb3 Nc6 7.Qxb7 Bd7 8.Qb3 
Rb8 9.Qd1 e5 10.dxe5 Nxe5 11.Nge2 Bc5 12.Nf4 Bc6 13.Be2 O-O 14.O-O Re8 15.
a4 d4 16.exd4 Bxd4 17.Nb5 Bb6 18.Be3 Bxe3 19.fxe3 Qe7 20.Qd4 a6 21.Nd6 
Red8 22.Nf5 Qe8 23.Nd6 Qe7 24.Nf5 Qe8 25.Nd6 Qe7 26.Nf5 1/2-1/2

[Event "23rd EUR-ch (w)"]
[Site "Petrovac MNE"]
[Date "2023.03.20"]
[Round "3.14"]
[White "Danielian, Elina"]
[Black "Krasteva, Beloslava"]
[Result "1-0"]
[WhiteElo "2431"]
[BlackElo "2292"]
[EventDate "2023.03.18"]
[PlyCount "87"]
[WhiteTeam "Armenia"]
[BlackTeam "Bulgaria"]

1.d4 Nf6 2.c4 e6 3.Nf3 b6 4.g3 Bb7 5.Bg2 Be7 6.O-O O-O 7.Re1 Ne4 8.Nfd2 d5
9.cxd5 exd5 10.Nxe4 dxe4 11.Nc3 f5 12.Bf4 Nc6 13.Qb3+ Kh8 14.Red1 Bd6 15.
Bxd6 Qxd6 16.Nb5 Qd7 17.Rac1 Ba6 18.a4 Na5 19.Qb4 Nc6 20.Qc3 Bxb5 21.axb5 
Na5 22.Qxc7 Qxb5 23.e3 Qd5 24.Bf1 Rf7 25.Qf4 Qd7 26.Rc3 Nb7 27.Rdc1 Nd6 
28.Rc7 Qe6 29.R7c6 Rd7 30.Ba6 Qe7 31.h4 h6 32.h5 Rf8 33.Qe5 Qxe5 34.dxe5 
Ne8 35.Rc8 Re7 36.Ra8 Rxe5 37.Rcc8 b5 38.Rab8 Kg8 39.Bxb5 Kf7 40.Bc4+ Kf6 
41.Kg2 Ke7 42.Rb7+ Kd6 43.Bb5 Rg8 44.Rc6+ 1-0

[Event "23rd EUR-ch (w)"]
[Site "Petrovac MNE"]
[Date "2023.03.21"]
[Round "4.5"]
[White "Garifullina, Leya"]
[Black "Osmak, Yulia"]
[Result "1/2-1/2"]
[WhiteElo "2372"]
[BlackElo "2445"]
[EventDate "2023.03.18"]
[PlyCount "156"]
[WhiteTeam "FID"]
[BlackTeam "Ukraine"]

1.e4 c5 2.Nf3 d6 3.Bb5+ Nd7 4.d4 cxd4 5.Nxd4 Nf6 6.O-O g6 7.Re1 Bg7 8.c4 
O-O 9.Bxd7 Bxd7 10.Nc3 Rc8 11.b3 a6 12.a4 a5 13.h3 Bc6 14.Rb1 Re8 15.Ndb5 
Nd7 16.Qc2 Nc5 17.Bf4 Bxb5 18.Nxb5 Qb6 19.Rbd1 Rcd8 20.Bd2 Na6 21.Qd3 Rc8 
22.Qf3 Ra8 23.Bf4 Nb4 24.Re2 Na6 25.Red2 Qc6 26.Qe3 Nc5 27.Re2 Rad8 28.Bg3
Rd7 29.f4 e6 30.Qf3 Bf8 31.Bf2 Red8 32.Nd4 Qc8 33.f5 exf5 34.exf5 d5 35.
Bh4 dxc4 36.Bxd8 Qxd8 37.Red2 Bh6 38.Ne6 fxe6 39.Rxd7 Nxd7 40.Qxb7 Qb6+ 
41.Qxb6 Nxb6 42.fxe6 Kf8 43.bxc4 Ke7 44.Kf2 Kxe6 45.c5 Nxa4 46.Ra1 Nxc5 
47.Rxa5 Bf8 48.Kf3 Bd6 49.Ra8 Be7 50.Ra7 h5 51.Ra1 Kf6 52.Rd1 Ne6 53.Rd5 
Ng5+ 54.Ke2 Nf7 55.Kf3 Bd6 56.Ra5 Ng5+ 57.Ke3 Bg3 58.Rb5 Nf7 59.Kf3 Bd6 
60.Ra5 Be5 61.Ra8 Nd6 62.Rf8+ Kg5 63.Ra8 Bc3 64.Rd8 Nf5 65.Rd5 Kh6 66.Rd7 
Nh4+ 67.Kf2 Bb4 68.Rd5 Nf5 69.Kf3 Bc3 70.Rxf5 gxf5 71.g4 f4 72.Kxf4 h4 73.
g5+ Kh5 74.g6 Kxg6 75.Kf3 Kf5 76.Kg2 Kf4 77.Kg1 Kg3 78.Kh1 Bd4 1/2-1/2

[Event "23rd EUR-ch (w)"]
[Site "Petrovac MNE"]
[Date "2023.03.21"]
[Round "4.21"]
[White "Abdulla, Khayala"]
[Black "Gaponenko, Inna"]
[Result "0-1"]
[WhiteElo "2221"]
[BlackElo "2349"]
[EventDate "2023.03.18"]
[PlyCount "106"]
[WhiteTeam "Azerbaijan"]
[BlackTeam "Ukraine"]

1.e4 c5 2.Nf3 Nc6 3.d4 cxd4 4.Nxd4 g6 5.c4 Nf6 6.Nc3 d6 7.Be2 Nxd4 8.Qxd4 
Bg7 9.Bg5 O-O 10.Qe3 Be6 11.O-O Qb6 12.Qd2 Rfc8 13.b3 a6 14.Rfc1 Rab8 15.
Be3 Qa5 16.a3 b5 17.b4 Qd8 18.e5 Ng4 19.Bxg4 Bxg4 20.cxb5 axb5 21.exd6 
Qxd6 22.Qxd6 exd6 23.Nd5 Bxa1 24.Ne7+ Kf8 25.Nxc8 Rxc8 26.Rxa1 Ke7 27.a4 
bxa4 28.Rxa4 Rc4 29.Ra7+ Bd7 30.Rb7 Kd8 31.f3 Kc8 32.Rb6 Kc7 33.Kf2 f5 34.
Ra6 Rxb4 35.Ra7+ Kc6 36.Kg3 d5 37.Ra6+ Kc7 38.Bf4+ Kb7 39.Rd6 Bc6 40.Re6 
d4 41.Rd6 Kb6 42.Rd8 Ra4 43.Be5 Kc5 44.h4 Bb5 45.Kf4 d3+ 46.Kg5 Ra2 47.g4 
fxg4 48.fxg4 Rg2 49.h5 gxh5 50.Kxh5 Bc4 51.g5 d2 52.Bd6+ Kc6 53.Bb4 d1=Q+ 
0-1

[Event "23rd EUR-ch (w)"]
[Site "Petrovac MNE"]
[Date "2023.03.21"]
[Round "4.36"]
[White "Dylag, Emilia"]
[Black "Schulze, Lara"]
[Result "1/2-1/2"]
[WhiteElo "2052"]
[BlackElo "2277"]
[EventDate "2023.03.18"]
[PlyCount "100"]
[WhiteTeam "Poland"]
[BlackTeam "Germany"]

1.d4 Nf6 2.c4 e6 3.g3 d5 4.Bg2 Bb4+ 5.Nd2 O-O 6.Nf3 dxc4 7.Qc2 a5 8.O-O b5
9.a3 Bxd2 10.Bxd2 Bb7 11.b3 Be4 12.Qb2 cxb3 13.Qxb3 c6 14.Rac1 Na6 15.Rfd1
b4 16.axb4 Rb8 17.Qa4 Nxb4 18.Rc5 Nd7 19.Rcc1 Rb5 20.Ne1 Bxg2 21.Nxg2 Nb6 
22.Qa1 Qd7 23.Be1 f5 24.Rc5 N4d5 25.Rdc1 Rc8 26.Nh4 Qb7 27.Rb1 a4 28.Nf3 
Nd7 29.Rcxb5 cxb5 30.Qxa4 bxa4 31.Rxb7 N7b6 32.Ra7 Ra8 33.Rxa8+ Nxa8 34.
Ba5 Nab6 35.Bxb6 Nxb6 36.Nd2 Kf7 37.Kf1 Ke7 38.Ke1 Kd6 39.Kd1 Kd5 40.e3 
Nd7 41.Kc2 e5 42.dxe5 Nxe5 43.f3 Nc4 44.e4+ fxe4 45.Nxe4 h6 46.Nc3+ Kd4 
47.Nxa4 Ke3 48.f4 Kf3 49.Kd3 Ne3 50.Nc5 Ng4 1/2-1/2

[Event "23rd EUR-ch (w)"]
[Site "Petrovac MNE"]
[Date "2023.03.22"]
[Round "5.11"]
[White "Narva, Mai"]
[Black "Lazarne Vajda, Szidonia"]
[Result "1-0"]
[WhiteElo "2389"]
[BlackElo "2294"]
[EventDate "2023.03.18"]
[PlyCount "67"]
[WhiteTeam "Estonia"]
[BlackTeam "Hungary"]

1.e4 c6 2.d4 d5 3.e5 Bf5 4.h4 h5 5.Bd3 Bxd3 6.Qxd3 Qa5+ 7.Nd2 e6 8.Nf3 Qa6
9.c4 Nh6 10.b3 Nd7 11.O-O Be7 12.a4 Nf5 13.Ba3 Bxa3 14.Rxa3 c5 15.dxc5 
Nxc5 16.Qc2 Qc6 17.cxd5 Qxd5 18.b4 Na6 19.Rb1 Rd8 20.Ne4 O-O 21.b5 Nb8 22.
Rc3 b6 23.Qe2 Rd7 24.Rbc1 Rfd8 25.Neg5 Kf8 26.Kh2 a6 27.Rc8 axb5 28.axb5 
Rxc8 29.Rxc8+ Rd8 30.Qc2 Ne7 31.Rxd8+ Qxd8 32.Qh7 Ng8 33.Nxf7 Kxf7 34.Ng5+
1-0

[Event "23rd EUR-ch (w)"]
[Site "Petrovac MNE"]
[Date "2023.03.22"]
[Round "5.13"]
[White "Radeva, Viktoria"]
[Black "Guichard, Pauline"]
[Result "1/2-1/2"]
[WhiteElo "2247"]
[BlackElo "2379"]
[EventDate "2023.03.18"]
[PlyCount "38"]
[WhiteTeam "Bulgaria"]
[BlackTeam "France"]

1.e4 e5 2.Nf3 Nc6 3.Nc3 Nf6 4.d4 exd4 5.Nxd4 Nxe4 6.Nxe4 Qe7 7.Bd3 Nxd4 8.
O-O d5 9.Bc4 Nf3+ 10.Qxf3 Qxe4 11.Bxd5 Qxf3 12.Bxf3 Be7 13.Re1 c6 14.Bg5 
Be6 15.Bxe7 Kxe7 16.Bg4 Rad8 17.Bxe6 fxe6 18.Re2 Rhf8 19.Rae1 Rd6 1/2-1/2

[Event "23rd EUR-ch (w)"]
[Site "Petrovac MNE"]
[Date "2023.03.22"]
[Round "5.34"]
[White "Zherebtsova, Alexandra"]
[Black "Zhapova, Yana"]
[Result "1/2-1/2"]
[WhiteElo "2155"]
[BlackElo "2269"]
[EventDate "2023.03.18"]
[PlyCount "60"]
[WhiteTeam "FID"]
[BlackTeam "FID"]

1.d4 Nf6 2.c4 e6 3.Nc3 Bb4 4.e3 O-O 5.Ne2 d5 6.a3 Bd6 7.Ng3 c6 8.Be2 Nbd7 
9.O-O dxc4 10.Bxc4 e5 11.Ba2 exd4 12.exd4 Nb6 13.Bg5 h6 14.Bxf6 Qxf6 15.
Nge4 Qd8 16.Qh5 Be7 17.Rad1 Qd7 18.d5 cxd5 19.Nxd5 Nxd5 20.Bxd5 Qf5 21.Qe2
Rd8 22.Ng3 Qf6 23.Rfe1 Bf8 24.Bxf7+ Kxf7 25.Rxd8 Qxd8 26.Qc4+ Kg6 27.Qe4+ 
Kf7 28.Qc4+ Kg6 29.Qe4+ Kf7 30.Qc4+ Kg6 1/2-1/2

[Event "23rd EUR-ch (w)"]
[Site "Petrovac MNE"]
[Date "2023.03.22"]
[Round "5.58"]
[White "Vidic, Teja"]
[Black "Popovic, Mateja"]
[Result "1-0"]
[WhiteElo "2097"]
[BlackElo "1832"]
[EventDate "2023.03.18"]
[PlyCount "49"]
[WhiteTeam "Slovenia"]
[BlackTeam "Montenegro"]

1.e4 c5 2.Nf3 e6 3.d4 cxd4 4.Nxd4 Nc6 5.Nc3 Qc7 6.Be3 a6 7.Qf3 Nf6 8.O-O-O
Rb8 9.Kb1 b5 10.Nxc6 dxc6 11.e5 Nd5 12.Nxd5 cxd5 13.h4 Bc5 14.h5 Bxe3 15.
Qxe3 h6 16.g4 Bb7 17.Rg1 Rc8 18.Bd3 Qc5 19.Qf4 Qe7 20.g5 hxg5 21.Rxg5 f6 
22.exf6 Qxf6 23.Qg4 d4 24.f4 Bd5 25.Rxd5 1-0

[Event "23rd EUR-ch (w)"]
[Site "Petrovac MNE"]
[Date "2023.03.22"]
[Round "5.63"]
[White "Huseynova, Lala"]
[Black "Petrovska, Katerina"]
[Result "1-0"]
[WhiteElo "1694"]
[BlackElo "1907"]
[EventDate "2023.03.18"]
[PlyCount "78"]
[WhiteTeam "Azerbaijan"]
[BlackTeam "Macedonia"]

1.e4 e5 2.Nf3 Nc6 3.Bb5 a6 4.Ba4 Nf6 5.O-O Be7 6.Re1 b5 7.Bb3 O-O 8.c3 d6 
9.h3 Nb8 10.d4 Nfd7 11.Nbd2 Bf6 12.Nf1 c5 13.Ne3 c4 14.Bc2 Nb6 15.Qe2 Ra7 
16.a4 Re7 17.Rd1 exd4 18.cxd4 Nc6 19.e5 Ree8 20.exf6 Qxf6 21.a5 Na8 22.Bd2
Nc7 23.d5 Ne5 24.Nxe5 Qxe5 25.Bc3 Qg5 26.Qf3 f5 27.Bb4 Rf6 28.Re1 Ref8 29.
Qg3 Qh6 30.f4 Rg6 31.Qf3 Ne8 32.Bxf5 Bxf5 33.Nxf5 Rxf5 34.Rxe8+ Rf8 35.
Rxf8+ Kxf8 36.Re1 Qh4 37.Qe3 Qd8 38.Qb6 Qc8 39.Qa7 Qd8 1-0

[Event "23rd EUR-ch (w)"]
[Site "Petrovac MNE"]
[Date "2023.03.23"]
[Round "6.3"]
[White "Narva, Mai"]
[Black "Efroimski, Marsel"]
[Result "1-0"]
[WhiteElo "2389"]
[BlackElo "2451"]
[EventDate "2023.03.18"]
[PlyCount "85"]
[WhiteTeam "Estonia"]
[BlackTeam "Israel"]

1.e4 e6 2.d4 d5 3.exd5 exd5 4.Nf3 Nc6 5.Bb5 Bd6 6.O-O Ne7 7.c4 dxc4 8.Bxc4
O-O 9.h3 Bf5 10.Nc3 Qd7 11.Nb5 Rad8 12.a3 h6 13.Re1 Ng6 14.d5 Bc5 15.b4 
Bb6 16.Nc3 Nce7 17.Be3 c6 18.Bxb6 axb6 19.Ne5 Nxe5 20.Rxe5 Ng6 21.Re1 Nf4 
22.Qd4 Nxd5 23.Bxd5 cxd5 24.Rad1 Be6 25.Qxb6 Qc6 26.Qd4 Qc4 27.Re3 Qxd4 
28.Rxd4 Rd6 29.f4 Rc8 30.Red3 Kf8 31.g4 g6 32.Kf2 Rdc6 33.Nxd5 Rc2+ 34.Kg3
Rd8 35.a4 Rb2 36.Ne3 Re8 37.f5 gxf5 38.gxf5 Ba2 39.f6 Re2 40.Kf3 Rh2 41.
Rh4 Bb1 42.Rxh6 Kg8 43.Rd4 1-0

[Event "23rd EUR-ch (w)"]
[Site "Petrovac MNE"]
[Date "2023.03.23"]
[Round "6.4"]
[White "Socko, Monika"]
[Black "Beydullayeva, Govhar"]
[Result "1-0"]
[WhiteElo "2432"]
[BlackElo "2388"]
[EventDate "2023.03.18"]
[PlyCount "81"]
[WhiteTeam "Poland"]
[BlackTeam "Azerbaijan"]

1.d4 Nf6 2.c4 e6 3.Nc3 Bb4 4.Qc2 O-O 5.e4 d6 6.e5 Nfd7 7.exd6 cxd6 8.Bd3 
Nc6 9.Ne2 h6 10.O-O e5 11.a3 Ba5 12.d5 Ne7 13.b4 Bb6 14.Ng3 Bd4 15.Bd2 Nb6
16.Nge2 Bxc3 17.Nxc3 f5 18.f4 e4 19.Be2 Bd7 20.Qa2 Be8 21.Be3 Bf7 22.Rac1 
Nd7 23.Nb5 Nf6 24.Qd2 a6 25.Nc3 Kh8 26.Rfd1 Rc8 27.Bd4 Bg8 28.a4 Ng6 29.a5
Ng4 30.Bxg4 fxg4 31.Nxe4 Rxf4 32.g3 Qe7 33.Re1 Rcf8 34.gxf4 Nh4 35.Rc3 
Nf3+ 36.Rxf3 gxf3 37.Ng5 Qc7 38.Ne6 Bxe6 39.dxe6 Qxc4 40.Kf2 Re8 41.f5 1-0